000 00530cam a2200205ua 4500
001 5485
008 121102n ii |||gr||||Z||||||eng
020 _a978-81-269-1613-9
020 _a978-81-269-1614-6(set)
040 _cMAIN
082 _a338.9
100 1 _aGupta, K.R.,
_eAuthor.
245 1 1 _aAdvanced economics of development
_cby K.R. Gupta
250 _bV-2.
260 _aNew Delhi:
_bAtlantic,
_c2011.
300 _ax, 466p.(992).
653 _aEconomics
653 _aEconomic growth and development
942 _cBK
999 _c4664
_d4664